| 000 | 00931pam a2200265 a 4500 | ||
|---|---|---|---|
| 001 | 2895116 | ||
| 003 | OSt | ||
| 005 | 20231123151716.0 | ||
| 008 | 870603s1988 nyua 000 0 eng | ||
| 010 | _a 87016797 | ||
| 020 | _a9780070085312 | ||
| 020 | _a0070236658 (pbk.) | ||
| 040 |
_aDLC _cDLC _dDLC |
||
| 050 | 0 | 0 |
_aQD42 _b.G579 1988 |
| 082 | 0 | 0 |
_a540.76 _bGOL/S |
| 100 | 1 |
_aGoldberg, David E. _q(David Elliott), _d1932- _99942 |
|
| 245 | 1 | 0 |
_aSchaum's 3000 solved problems in chemistry / _cby David E. Goldberg. |
| 260 |
_aNew York : _bMcGraw-Hill, _cc1988. |
||
| 650 | 0 |
_aChemistry _xProblems, exercises, etc. |
|
| 740 | 0 | _aSchaum's three thousand solved problems in chemistry. | |
| 740 | 0 | _a3000 solved problems in chemistry. | |
| 740 | 0 | _aThree thousand solved problems in chemistry. | |
| 906 |
_a7 _bcbc _corignew _d1 _eocip _f19 _gy-gencatlg |
||
| 942 |
_2ddc _cBK _h540.76 _iGOL/S _k540.76 _mGOL/S |
||
| 999 |
_c41876 _d41876 |
||